| 000 | 00397 a2200145 4500 | ||
|---|---|---|---|
| 005 | 20250621072156.0 | ||
| 020 | _a0-02-802833-3 | ||
| 082 | _aLM 621.3515 MAL | ||
| 100 | _aMALVINO, A. P. | ||
| 245 | _aElectronic Principles | ||
| 250 | _a6th Ed. | ||
| 260 |
_aNew York, _bMac Graw Hill, _c1999. |
||
| 300 |
_aviii, 82p.: Ill.; figure, picture & table. _bGlossary & Index _c26cm. |
||
| 942 |
_2ddc _cBKS |
||
| 999 |
_c3019 _d3019 |
||